| 000 | 00995nam a2200181 i 4500 | ||
|---|---|---|---|
| 001 | 21699 | ||
| 003 | ES-MaACL | ||
| 005 | 20230906152528.0 | ||
| 007 | t| | ||
| 008 | 021127s1874 sp |||| | spa d | ||
| 245 | 0 | 0 |
_aÁlbum poético español _b: con composiciones inéditas de los señores : Marqués de Molins, Hartzenbuch, Calcaño, Bustillo, Arnao, Palomo, Grilo, Aguilera, Alarcón / _cpublícalo la empresa de la Ilustración Española y Americana, y de la Moda Galante Ilustrada, para obsequiar a sus suscriptores en el presente año. |
| 246 | 3 | 0 |
_aÁlbum poético español _b: Marqués de Molins, Hartzenbuch, Calcaño, Bustillo, Arnao, Palomo, Grilo, Aguilera, Alarcón |
| 260 |
_aMadrid : _bA. de Carlos e Hijos, ed., _c1874 ( _fImp., Estereotipia y Galvanoplastía de Aribau) |
||
| 300 |
_aXXXIII, 389 p. ; _c28 cm. |
||
| 530 | _aDisponible en formato digital. | ||
| 852 |
_aES-MaACL _jB-4748 |
||
| 856 |
_uhttp://www.archive.org/details/albumpoticoespa00unkngoog _zIr a la página |
||
| 999 |
_c21699 _d21699 |
||